| 000 | 00771nam a2200229 a 4500 | ||
|---|---|---|---|
| 001 | 000021183 | ||
| 005 | 20200930011245.0 | ||
| 008 | 100901s1966 ag 000 0 spa d | ||
| 040 |
_aDO-SdBNP _bspa _cBNPHU |
||
| 041 | 1 | 7 |
_aspa _heng _2Código de idiomas MARC |
| 082 |
_a959.7 _bT765p |
||
| 100 | 1 |
_aTrager, Frank N. _944284 |
|
| 240 | 1 | 0 |
_aWhy Viet Nam!. _lEspañol |
| 245 | 1 | 1 |
_a¿Por qué Vietnam? / _cFrank N. Trager ; traducción Frederick A. Praeger. |
| 260 |
_aBuenos Aires, (Argentina) : _bEditorial Americana, _c1966. |
||
| 300 |
_a239 p. ; _c20 cm. |
||
| 534 |
_aTílulo en inglés : _tWhy Viet Nam! |
||
| 650 | 4 |
_aVietnam _xHistoria _944285 |
|
| 650 | 4 |
_aVietnam _xPolítica y gobierno _944286 |
|
| 700 | 1 |
_aPraeger, Frederick A., _etr. _944287 |
|
| 049 | _aBNGR | ||
| 999 |
_c20684 _d20684 |
||